<?xml version="1.0" encoding="UTF-8"?>
<record
    xmlns:xsi="http://www.w3.org/2001/XMLSchema-instance"
    xsi:schemaLocation="http://www.loc.gov/MARC21/slim http://www.loc.gov/standards/marcxml/schema/MARC21slim.xsd"
    xmlns="http://www.loc.gov/MARC21/slim">

  <leader>01561nam a2200205Ia 4500</leader>
  <controlfield tag="001">b7228-53485 </controlfield>
  <controlfield tag="003">IT-MiCISF</controlfield>
  <controlfield tag="008">161014s9999||||xx |||||||||||||| ||und||</controlfield>
  <datafield tag="040" ind1=" " ind2=" ">
    <subfield code="a">IT-MiCISF</subfield>
    <subfield code="c">IT-MiCISF</subfield>
  </datafield>
  <datafield tag="041" ind1=" " ind2=" ">
    <subfield code="a">it</subfield>
  </datafield>
  <datafield tag="100" ind1=" " ind2=" ">
    <subfield code="a">Valtonina Giovanni Giulio</subfield>
  </datafield>
  <datafield tag="245" ind1=" " ind2="0">
    <subfield code="a">Figli Migranti</subfield>
    <subfield code="b">I minori romeni e le loro famiglie in Italia</subfield>
  </datafield>
  <datafield tag="250" ind1=" " ind2=" ">
    <subfield code="a">1a ed.</subfield>
  </datafield>
  <datafield tag="260" ind1=" " ind2=" ">
    <subfield code="a"> Milano</subfield>
    <subfield code="b">FrancoAngeli</subfield>
    <subfield code="c">2012</subfield>
  </datafield>
  <datafield tag="300" ind1=" " ind2=" ">
    <subfield code="a">pp. 159</subfield>
  </datafield>
  <datafield tag="500" ind1=" " ind2=" ">
    <subfield code="a">Valtolina G.G., Papavero G., Colombo M., Fenaroli V., Colombo C., Cesareo V. / famiglie-migranti, societ&#xE0;, scuola, integrazione, esperienze / Il volume raccoglie i risultati di una ricerca finanziata dall'Unione Europea, che ha coinvolto numerose famiglie romene, con almeno un figlio minorenne, che hanno lasciato il loro Paese per venire in Italia, residenti nelle aree metropolitane di Milano, Torino e Roma. L'esperienza migratoria di queste famiglie &#xE8; stata analizzata secondo una prospettiva temporale che ha posto al centro i figli, tenendo conto di tre dimensioni: il passato, concernente il contesto di vita della famiglia nel Paese d'origine e le motivazioni che hanno portato alla scelta di una migrazione familiare; il presente, ovvero l'integrazione della famiglia nella societ&#xE0; italiana, con particolare attenzione alle risorse e ai rischi per il benessere dei figli; il futuro, quindi le speranze, i timori e le prospettive evolutive, con particolare riferimento alla circolarit&#xE0; che caratterizza spesso la migrazione romena.</subfield>
  </datafield>
  <datafield tag="650" ind1=" " ind2=" ">
    <subfield code="a">famiglia</subfield>
  </datafield>
  <datafield tag="942" ind1=" " ind2=" ">
    <subfield code="c">BK</subfield>
  </datafield>
  <datafield tag="957" ind1=" " ind2=" ">
    <subfield code="7">1</subfield>
  </datafield>
  <datafield tag="999" ind1=" " ind2=" ">
    <subfield code="a">53485</subfield>
    <subfield code="b">si</subfield>
    <subfield code="g">1</subfield>
    <subfield code="c">209735</subfield>
    <subfield code="d">209735</subfield>
  </datafield>
  <datafield tag="952" ind1=" " ind2=" ">
    <subfield code="0">0</subfield>
    <subfield code="1">0</subfield>
    <subfield code="4">0</subfield>
    <subfield code="6">B_722853485</subfield>
    <subfield code="7">1</subfield>
    <subfield code="a">CISF</subfield>
    <subfield code="b">CISF</subfield>
    <subfield code="d">2016-10-14</subfield>
    <subfield code="l">0</subfield>
    <subfield code="o">b7228-53485 </subfield>
    <subfield code="r">2016-10-14 00:00:00</subfield>
    <subfield code="w">2016-10-14</subfield>
    <subfield code="y">BK</subfield>
    <subfield code="z">Data import 15.10.2016 / by Epidotti, Vaglietti</subfield>
  </datafield>
</record>
